000 01099nam a22003257a 4500
003 CHAP
005 20220329134209.0
008 971013s1977 r 00010 d
010 _a16815
011 _a17787
035 _a21871
040 _cCHAP
090 _aTesis
100 0 0 _aHuerta Cevallos, Horacio.
_956662
245 _aCausas de desecho de animales semiestabulados en el estado de Morelos
260 _aMéxico, D.F. :
_bEl Autor,
_c1977
300 _a67 h.
_b: gráfs.
502 _aTesis (Médico Veterinario Zootecnista) -- UNAM. Fac. de Medicina Veterinaria y Zootecnia
590 _aALEPH
_b10
_c20130110
_lUCH01
_h1239
590 _aBATCH-UPD
_b10
_c20130109
_lUCH01
_h2317
590 _aBATCH-UPD
_b10
_c20130110
_lUCH01
_h2120
590 _aBATCH-UPD
_b10
_c20130410
_lUCH01
_h1429
590 _aBATCH-UPD
_b10
_c20130914
_lUCH01
_h1456
590 _aCONVERSION
_b10
_c20130109
_lUCH01
_h1310
650 1 4 _aGanadería
_xAspectos económicos
_xMorelos.
_944639
650 1 4 _aGanadería
_xMorelos.
_944828
901 _aBK
942 _cTESIS
949 _bBC
_cTES
_d-50862
_eTS1
_i21871
_si
999 _c16815
_d16815